Súdiť sa znamená platiť

Riešenie sporov súdnou cestou. Rady, ako postupovať pri súdnych sporoch. Poplatky na súdoch.

Uložené v:
Podrobná bibliografia
Hlavný autor: Onuferová, Marianna
Médium: Kapitola
Jazyk:Slovak
Predmet:
Tagy: Pridať tag
Žiadne tagy, Buďte prvý, kto otaguje tento záznam!

MARC

LEADER 00000naa a2200000 4500
001 r048342
005 20230908082548.3
041 0 |a slo 
044 |a SK 
245 1 0 |a Súdiť sa znamená platiť  |c Marianna Onuferová 
520 |a Riešenie sporov súdnou cestou. Rady, ako postupovať pri súdnych sporoch. Poplatky na súdoch. 
610 2 0 |a spory súdne 
610 2 0 |a poplatky 
610 2 0 |a právo občianske 
100 1 |a Onuferová, Marianna